[Event "Belgorod Elo"]
[Site "Belgorod"]
[Date "2007.06.08"]
[Round "13"]
[White "Postolov, Petr"]
[Black "Da Silva Borges, Rodrigo"]
[Result "0-1"]
[WhiteElo "1886"]
[BlackElo "2197"]
[PlyCount "70"]
[EventDate "2007.06.01"]
[EventType "tourn"]
[EventRounds "17"]
[EventCountry "RUS"]
[SourceTitle "EXT 2009"]
[Source "ChessBase"]
[SourceDate "2008.11.26"]
[SourceVersion "1"]
[SourceVersionDate "2008.11.26"]
[SourceQuality "1"]

1. e4 c5 2. Nf3 e6 3. Nc3 a6 4. g3 Nc6 5. Bg2 b5 6. 0-0 Bb7 7. a4 b4 8. Nd5 d6 9. Ne3 Nf6 10. d4 cxd4 11. Nxd4 Qc7 12. Nxc6 Bxc6 13. Qd4 Qb7 14. f3 d5 15. e5 Nd7 16. Kh1 Bc5 17. Qg4 g6 18. Qh4 Be7 19. Qd4 h5 20. c3 h4 21. gxh4 Rxh4 22. Ng4 b3 23. Be3 0-0-0 24. Bf2 Rh5 25. Rfe1 Rdh8 26. Bg3 Bc5 27. Qd3 Nb6 28. Nf6 Rf5 29. Qe2 Nc4 30. Ne4 dxe4 31. Qxc4 exf3 32. Qxc5 fxg2+ 33. Kg1 Kb8 34. Red1 Rc8 35. Rd4 Rf1+ 0-1